Alle Länder deren Hauptstädte mit einem Vokal beginnen - Statistiken

Allgemein
  • Dieses Quiz wurde 773 mal gespielt
    728 seit der letzten Aktualisierung
  • Das Durchschnittsergebnis liegt bei 11 aus 20
Antwortstatistiken
Land (Hauptstadt) % Korrekt
Norwegen Oslo
79%
Algerien Algier
74%
Andorra Andorra la Vella
70%
Griechenland Athen
68%
Niederlande Amsterdam
68%
Türkei Ankara
68%
Kanada Ottawa
67%
Mongolei Ulaanbaatar
59%
Madagaskar Antananarivo
57%
Äthiopien Addis Abeba
56%
Paraguay Asunción
55%
Eritrea Asmara
54%
Pakistan Islamabad
54%
Ghana Accra
52%
Nigeria Abuja
50%
Jordanien Amman
46%
Samoa Apia
46%
Turkmenistan Aşgabat
45%
Burkina Faso Ouagadougou
43%
Vereinigte Arabische Emirate Abu Dhabi
35%
Keine übereinstimmenden Quizze gefunden
Verteilung der Resultate
Anzahl Personen mit jedem Resultat
Perzentil nach korrekt beantworteten Fragen
Ihre Resultats-Entwicklung
Sie haben dieses Quiz seit der letzten Aktualisierung nicht gespielt